000 00667nam a22002537a 4500
001 BR0705531
003 BR-BrBNA
005 20230928102538.0
007 ta
008 230509b bl.||||| |||| 00| 0 por d
040 _aBR-BrBNA
_bpor
_cBiblioteca Nacional de Agricultura
041 _a(Por)
072 _aQ04
_b9610
090 _ 9610 BR0705531
100 1 _aSilva, R.F. e
245 1 _aO ovo e sua importância
260 3 _aRio de Janeiro, GB (Brasil):
_c1943.
300 _a46 p.
500 _aDocumento microfilmado e tratado BR7324019
650 _aOVO
650 _aCOMPOSIÇÃO DE ALIMENTO
909 _a202309
_bLucia
_c55
_dLucia Elande
942 _cBK
999 _c71331
_d71331